Hegemonía sandinista y cristianismo en la revolución nicaragüense /
Guardado en:
| Autor principal: | |
|---|---|
| Formato: | Texto |
| Etiquetas: |
Agregar Etiqueta
Sin Etiquetas, Sea el primero en etiquetar este registro!
|
MARC
| LEADER | 00000 a a2200000 04500 | ||
|---|---|---|---|
| 001 | 43798 | ||
| 003 | |||
| 040 | |||
| 100 | |a Morador-Wettstein, Raquel | ||
| 245 | |a Hegemonía sandinista y cristianismo en la revolución nicaragüense / |c Raquel Morador-Wettstein | ||
| 773 | |g páginas 145-158 | ||
| 999 | |c 23473 |d 23473 | ||
